000 00523nam a2200169Ia 4500
003 GCL
008 140319s9999 xx 000 0 ara d
040 _aGCL /
_cGCL
082 0 4 _a813.01
_bو ع
100 1 _aوليد رباح
245 1 0 _aعزف منفرد على قماش الخيمة: قصص قصيرة /
_cوليد رباح
300 _a81 ص
490 _aسلسلة القصة والمسرحية
_v0
650 0 4 _aالادب العربى
650 0 4 _aالقصص العربية القصيرة
942 _2ddc
_cBK
999 _c47369
_d47369